| 000 | 00378nam a22001697a 4500 | ||
|---|---|---|---|
| 999 |
_c10607 _d10607 |
||
| 003 | OSt | ||
| 008 | 210330b ||||| |||| 00| 0 eng d | ||
| 020 | _a9781789349917 | ||
| 082 | _a005.133 SZL | ||
| 100 | _aSZUHAY,Jeff | ||
| 245 | _aLearn C Programming | ||
| 250 | _a1st | ||
| 260 |
_aUK _bPackt Publishing Ltd _c2020 |
||
| 300 | _a627 | ||
| 650 | _aBCA | ||
| 942 |
_2ddc _cBK |
||